[Event "FRA-ch U20"]
[Site "Agen"]
[Date "2024.04.16"]
[Round "4"]
[White "Mariller, Romain"]
[Black "Girel, Joseph"]
[Result "0-1"]
[WhiteElo "1890"]
[BlackElo "2479"]
[PlyCount "56"]
[EventDate "2024.04.14"]
[EventType "swiss"]
[EventRounds "9"]
[EventCountry "FRA"]
[SourceTitle "CB17_2024"]
[SourceDate "2024.04.24"]
[SourceVersion "1"]
[SourceVersionDate "2024.04.24"]
[SourceQuality "1"]

1. d4 Nf6 2. Bf4 d5 3. e3 e6 4. Nd2 Bd6 5. Bg3 0-0 6. Bd3 c5 7. c3 Qc7 8. dxc5 Qxc5 9. e4 Nbd7 10. Ngf3 Bxg3 11. hxg3 dxe4 12. Bxe4 h6 13. Qe2 Rb8 14. 0-0 e5 15. Rac1 a5 16. Rfd1 b6 17. Bb1 Re8 18. a3 Bb7 19. Ne4 Nxe4 20. Bxe4 Bxe4 21. Qxe4 Nf6 22. Qc2 e4 23. Nd4 Ng4 24. b4 Qh5 25. Ne2 Qh2+ 26. Kf1 e3 27. f3 Qh1+ 28. Ng1 e2+ 0-1

[Event "Mitropa Cup"]
[Site "Apolda"]
[Date "2024.02.17"]
[Round "3.9"]
[White "Girel, Joseph"]
[Black "Sahidi, Samir"]
[Result "1-0"]
[WhiteElo "2484"]
[BlackElo "2479"]
[PlyCount "82"]
[EventDate "2024.02.15"]
[EventType "team-tourn"]
[EventRounds "9"]
[EventCountry "GER"]
[SourceTitle "CB09_2024"]
[SourceDate "2024.02.28"]
[SourceVersion "1"]
[SourceVersionDate "2024.02.28"]
[SourceQuality "1"]
[WhiteTeam "France"]
[BlackTeam "Slovakia"]
[WhiteTeamCountry "FRA"]
[BlackTeamCountry "SVK"]

1. d4 d5 2. c4 c6 3. Nf3 Nf6 4. e3 e6 5. Nc3 Nbd7 6. Qc2 Bd6 7. Bd3 0-0 8. 0-0 dxc4 9. Bxc4 b5 10. Be2 Bb7 11. e4 e5 12. dxe5 Nxe5 13. Nd4 Neg4 14. Nf5 Bxh2+ 15. Kh1 Bb8 16. Bg5 Bc8 17. Rad1 Qc7 18. Nd6 Be6 19. e5 Nxe5 20. Bxf6 gxf6 21. f4 Ng4 22. Qe4 f5 23. Nxf5 Nf6 24. Qd3 Ne8 25. Rf3 f6 26. Qe4 Bxf5 27. Qxf5 Ng7 28. Qc5 f5 29. Nxb5 cxb5 30. Qd5+ Kh8 31. Qxa8 Qc2 32. Re3 Qxb2 33. g3 Qxa2 34. Qd5 Qb2 35. Re7 Qf6 36. Rb7 Ne6 37. Qf3 Nxf4 38. gxf4 Qh4+ 39. Kg2 Rg8+ 40. Kf1 Be5 41. Rdd7 Qd8 1-0

[Event "Titled Tuesday intern op 22nd Aug Late"]
[Site "Chess.com INT"]
[Date "2023.08.22"]
[Round "3"]
[White "Girel, Joseph"]
[Black "Olsson, William"]
[Result "1-0"]
[WhiteElo "2462"]
[BlackElo "2400"]
[PlyCount "109"]
[EventDate "2023.08.22"]
[EventType "swiss (blitz)"]
[EventRounds "11"]
[EventCountry "USA"]
[SourceTitle "EXT 2024"]
[Source "ChessBase"]
[SourceDate "2023.10.10"]
[SourceVersion "1"]
[SourceVersionDate "2023.10.10"]
[SourceQuality "1"]

1. Nf3 d5 2. c4 c6 3. e3 Nf6 4. b3 Bg4 5. Bb2 Nbd7 6. Be2 e6 7. 0-0 Bd6 8. d4 0-0 9. Nc3 Qe7 10. h3 Bh5 11. Rc1 Rfd8 12. cxd5 exd5 13. Re1 h6 14. Qc2 Bg6 15. Bd3 Bxd3 16. Qxd3 Ne4 17. Nd2 Ndf6 18. f3 Ng3 19. e4 dxe4 20. fxe4 Be5 21. Nf3 Bf4 22. Rcd1 Nd7 23. e5 Nf8 24. d5 cxd5 25. Nxd5 Qc5+ 26. Kh2 Ne4+ 27. Nxf4 Rxd3 28. Nxd3 Qc6 29. Nb4 Qg6 30. Nd5 Qg3+ 31. Kg1 Nf2 32. Rd2 Nxh3+ 33. Kh1 Nf4 34. Ne7+ Kh8 35. Nf5 Qg4 36. Nd6 Qh5+ 37. Kg1 N8e6 38. Rc2 Kg8 39. Rec1 Qg4 40. Nh2 Qg3 41. Nf1 Qg6 42. Ne3 Nd3 43. Nef5 Qg5 44. Rf1 Nxb2 45. Rxb2 h5 46. Rbf2 Nf4 47. Rxf4 Rd8 48. R1f3 g6 49. Nxf7 Kxf7 50. Nd4+ Ke7 51. Rf7+ Ke8 52. Rf8+ Kd7 53. e6+ Kc7 54. Rc3+ Kb6 55. Nf3 1-0

[Event "Titled Tuesday intern op 22nd Aug Late"]
[Site "Chess.com INT"]
[Date "2023.08.22"]
[Round "5"]
[White "Omelja, Artem"]
[Black "Girel, Joseph"]
[Result "1-0"]
[WhiteElo "2435"]
[BlackElo "2462"]
[PlyCount "67"]
[EventDate "2023.08.22"]
[EventType "swiss (blitz)"]
[EventRounds "11"]
[EventCountry "USA"]
[SourceTitle "EXT 2024"]
[Source "ChessBase"]
[SourceDate "2023.10.10"]
[SourceVersion "1"]
[SourceVersionDate "2023.10.10"]
[SourceQuality "1"]

1. d4 Nf6 2. c4 b6 3. Nc3 Bb7 4. Qc2 d5 5. cxd5 Nxd5 6. e4 Nxc3 7. bxc3 e5 8. Nf3 exd4 9. Bc4 Nc6 10. 0-0 Bc5 11. Bg5 Qd7 12. Bd5 0-0 13. Rfd1 Qg4 14. h3 Qh5 15. Bxc6 Bxc6 16. cxd4 f5 17. dxc5 fxe4 18. Ne5 e3 19. f4 Bb7 20. c6 Ba6 21. Qb3+ Kh8 22. Qxe3 Rae8 23. Qf3 Qxf3 24. Nxf3 Re6 25. Rac1 Bb5 26. Nd4 Re4 27. Nxb5 h6 28. Bh4 Rfxf4 29. Bg3 Rf5 30. Nxc7 Rg5 31. Kh2 Rg6 32. Nd5 Re8 33. c7 Rc8 34. Ne7 1-0

[Event "FRA-ch 96th"]
[Site "L'Alpe d'Huez"]
[Date "2023.08.19"]
[Round "1.2"]
[White "Fressinet, Laurent"]
[Black "Girel, Joseph"]
[Result "0-1"]
[WhiteElo "2652"]
[BlackElo "2462"]
[PlyCount "116"]
[EventDate "2023.08.18"]
[EventType "k.o."]
[EventRounds "4"]
[EventCountry "FRA"]
[SourceTitle "EXT 2024"]
[Source "ChessBase"]
[SourceDate "2023.10.10"]
[SourceVersion "1"]
[SourceVersionDate "2023.10.10"]
[SourceQuality "1"]

1. d4 Nf6 2. c4 e6 3. g3 d5 4. Bg2 dxc4 5. Nf3 c6 6. Ne5 Bb4+ 7. Bd2 Be7 8. Bg5 h6 9. Bf4 Nd5 10. Nxc4 Nxf4 11. gxf4 0-0 12. Nc3 Nd7 13. e3 Rb8 14. 0-0 b5 15. Ne5 Nxe5 16. dxe5 c5 17. Qg4 f5 18. exf6 Bxf6 19. Rad1 Qe7 20. Qg6 Bxc3 21. bxc3 Qf6 22. Qxf6 gxf6 23. Rd6 b4 24. Rc6 bxc3 25. Rxc5 Ba6 26. Rc1 Rfc8 27. Bc6 Rc7 28. f5 Rbc8 29. R1xc3 Bb7 30. Bxb7 Rxc5 31. Bxc8 Rxc3 32. Bxe6+ Kf8 33. Kg2 a5 34. Kg3 a4 35. h4 Rc2 36. f3 a3 37. e4 h5 38. Bb3 Rc3 39. Bd5 Ke7 40. Kf4 Rd3 41. Bc4 Rd2 42. Bb3 Rg2 43. Bd5 Kd6 44. Bf7 Re2 45. Bc4 Rh2 46. Kg3 Rc2 47. Bb3 Rb2 48. Be6 Ke5 49. Bd5 Rd2 50. Bf7 Rc2 51. Bd5 Rc7 52. Be6 Rg7+ 53. Kf2 Kf4 54. Bd5 Rc7 55. Ke2 Rc2+ 56. Kf1 Rc3 57. Kg2 Rxf3 58. e5 Rd3 0-1

[Event "FRA-ch 96th"]
[Site "L'Alpe d'Huez"]
[Date "2023.08.18"]
[Round "1.1"]
[White "Girel, Joseph"]
[Black "Fressinet, Laurent"]
[Result "1/2-1/2"]
[WhiteElo "2462"]
[BlackElo "2652"]
[PlyCount "146"]
[EventDate "2023.08.18"]
[EventType "k.o."]
[EventRounds "4"]
[EventCountry "FRA"]
[SourceTitle "EXT 2024"]
[Source "ChessBase"]
[SourceDate "2023.10.10"]
[SourceVersion "1"]
[SourceVersionDate "2023.10.10"]
[SourceQuality "1"]

1. e4 e5 2. Nf3 Nc6 3. Bb5 a6 4. Ba4 Nf6 5. 0-0 Be7 6. Re1 b5 7. Bb3 0-0 8. a4 b4 9. d4 d6 10. dxe5 dxe5 11. Bg5 Bb7 12. Bxf6 Bxf6 13. Bd5 Qd7 14. Nbd2 Rad8 15. a5 Bc8 16. c3 bxc3 17. bxc3 Ne7 18. Bc4 Ng6 19. Qa4 Qg4 20. Bf1 Nf4 21. Kh1 Nd3 22. Re2 Bd7 23. Qc2 Bb5 24. c4 Bc6 25. c5 Bb5 26. h3 Qg6 27. Nc4 Nxc5 28. Re3 Ne6 29. Ncxe5 Bxe5 30. Nxe5 Qf6 31. Qc3 Nd4 32. Ng4 Qf4 33. Bxb5 Nxb5 34. Qe5 Qxe5 35. Nxe5 Rd2 36. Kg1 Rfd8 37. Nc6 R8d6 38. Rc1 Rd1+ 39. Rxd1 Rxd1+ 40. Kh2 Rd6 41. Nb4 c5 42. Nd5 c4 43. Re1 Re6 44. f3 f5 45. Kg3 fxe4 46. fxe4 Kf7 47. Kf4 Nd4 48. Rb1 Nb3 49. Ke3 Nxa5 50. Rf1+ Kg8 51. Rf2 Nb7 52. Kd4 Nd6 53. Re2 Nf5+ 54. Kxc4 Ng3 55. Ra2 Nxe4 56. Nb4 Nf6 57. Nxa6 Rd6 58. Nc5 h5 59. Re2 Kf7 60. Ne4 Nxe4 61. Rxe4 Kf6 62. Rd4 Ra6 63. Kd3 Ra2 64. g4 Ra3+ 65. Ke2 Rxh3 66. gxh5 Rxh5 67. Kf2 g5 68. Rd5 Rh4 69. Kg3 Re4 70. Ra5 Re5 71. Rxe5 Kxe5 72. Kg4 Ke4 73. Kxg5 Ke5 1/2-1/2

[Event "Aix en Provence Imaweb 1st"]
[Site "Aix en Provence"]
[Date "2023.08.09"]
[Round "4"]
[White "Girel, Joseph"]
[Black "Maurizzi, Marc Andria"]
[Result "1/2-1/2"]
[WhiteElo "2462"]
[BlackElo "2564"]
[PlyCount "83"]
[EventDate "2023.08.07"]
[EventType "tourn"]
[EventRounds "9"]
[EventCountry "FRA"]
[EventCategory "13"]
[SourceTitle "CBM 215 Extra"]
[Source "ChessBase"]
[SourceDate "2023.09.30"]
[SourceVersion "1"]
[SourceVersionDate "2023.09.30"]
[SourceQuality "1"]

1. e4 c5 2. Nf3 d6 3. d4 cxd4 4. Nxd4 Nf6 5. Nc3 Nc6 6. Bg5 e6 7. Qd2 a6 8. 0-0-0 Bd7 9. Kb1 Be7 10. Nxc6 Bxc6 11. f3 Qc7 12. h4 h6 13. Be3 h5 14. Bd3 b5 15. Ne2 Rc8 16. Nd4 Bd7 17. Bg5 Qb6 18. Be2 b4 19. Qd3 a5 20. Nb5 d5 21. Rhe1 Bc6 22. Qd4 Qxd4 23. Nxd4 Ba4 24. e5 Ng8 25. Bxe7 Nxe7 26. f4 g6 27. b3 Bd7 28. Kb2 a4 29. a3 bxa3+ 30. Kxa3 Nf5 31. Nxf5 gxf5 32. bxa4 Rg8 33. a5 Rxc2 34. Kb3 Rc8 35. Bf3 Rc5 36. a6 Ke7 37. Rd4 Ra5 38. Rb4 Bb5 39. Rc1 Kd7 40. a7 Bc4+ 41. Kc3 Rxa7 42. Kd4 1/2-1/2

[Event "Creon op 27th"]
[Site "Creon"]
[Date "2023.08.05"]
[Round "8"]
[White "Iniyan, Panneerseluam"]
[Black "Girel, Joseph"]
[Result "1/2-1/2"]
[WhiteElo "2525"]
[BlackElo "2439"]
[PlyCount "44"]
[EventDate "2023.07.31"]
[EventType "swiss"]
[EventRounds "9"]
[EventCountry "FRA"]
[SourceTitle "CBM 215 Extra"]
[Source "ChessBase"]
[SourceDate "2023.09.30"]
[SourceVersion "1"]
[SourceVersionDate "2023.09.30"]
[SourceQuality "1"]

1. d4 Nf6 2. c4 e6 3. Nf3 Bb4+ 4. Bd2 Be7 5. Nc3 0-0 6. Bg5 h6 7. Bh4 c5 8. e3 b6 9. Bd3 Bb7 10. 0-0 cxd4 11. Nxd4 Nc6 12. Be2 d5 13. Rc1 dxc4 14. Nxc6 Bxc6 15. Bxc4 Ne4 16. Qxd8 Bxd8 17. Bxd8 Rfxd8 18. Nxe4 Bxe4 19. f3 Bd3 20. Bxd3 Rxd3 21. e4 Rd2 22. Rf2 Rad8 1/2-1/2